<?xml version="1.0" encoding="UTF-8"?>
<record
    xmlns:xsi="http://www.w3.org/2001/XMLSchema-instance"
    xsi:schemaLocation="http://www.loc.gov/MARC21/slim http://www.loc.gov/standards/marcxml/schema/MARC21slim.xsd"
    xmlns="http://www.loc.gov/MARC21/slim">

  <leader>00641nam a2200193Ia 4500</leader>
  <controlfield tag="001">12332</controlfield>
  <controlfield tag="003">GE_BSU</controlfield>
  <controlfield tag="008">181216s||||||||xx |||||||||||||| ||und||</controlfield>
  <datafield tag="040" ind1=" " ind2=" ">
    <subfield code="c">GE_BSU</subfield>
  </datafield>
  <datafield tag="080" ind1=" " ind2=" ">
    <subfield code="a">631.811</subfield>
  </datafield>
  <datafield tag="245" ind1=" " ind2=" ">
    <subfield code="a">&#x412;&#x43B;&#x438;&#x44F;&#x43D;&#x438;&#x435; &#x441;&#x432;&#x43E;&#x438;&#x441;&#x442;&#x432; &#x43F;&#x43E;&#x447;&#x432; &#x438; &#x443;&#x434;&#x43E;&#x431;&#x440;&#x435;&#x43D;&#x438;&#x438; &#x43D;&#x430; &#x43A;&#x430;&#x447;&#x435;&#x441;&#x442;&#x432;&#x43E; &#x440;&#x430;&#x441;&#x442;&#x435;&#x43D;&#x438;&#x438;</subfield>
  </datafield>
  <datafield tag="245" ind1=" " ind2=" ">
    <subfield code="c">&#x41F;&#x43E;&#x434;.&#x440;&#x435;&#x434;. &#x41D;.&#x421;.&#x410;&#x432;&#x434;&#x43E;&#x43D;&#x438;&#x43D;&#x430;.&#x420;&#x435;&#x434;.&#x41B;.&#x41F;.&#x41B;&#x430;&#x440;&#x438;&#x43D;&#x430;</subfield>
  </datafield>
  <datafield tag="260" ind1=" " ind2=" ">
    <subfield code="a">&#x41C;&#x43E;&#x441;&#x43A;&#x432;&#x430;</subfield>
  </datafield>
  <datafield tag="260" ind1=" " ind2=" ">
    <subfield code="b">&#x41C;&#x43E;&#x441;&#x43A;. &#x443;&#x43D;-&#x442;</subfield>
  </datafield>
  <datafield tag="260" ind1=" " ind2=" ">
    <subfield code="c">1972</subfield>
  </datafield>
  <datafield tag="300" ind1=" " ind2=" ">
    <subfield code="a">239&#x441;&#x442;&#x440;.23&#x441;&#x43C;.</subfield>
  </datafield>
  <datafield tag="653" ind1=" " ind2=" ">
    <subfield code="a">&#x412;&#x43B;&#x438;&#x44F;&#x43D;&#x438;&#x435; &#x441;&#x432;&#x43E;&#x438;&#x441;&#x442;&#x432; &#x43F;&#x43E;&#x447;&#x432; &#x438; &#x443;&#x434;&#x43E;&#x431;&#x440;&#x435;&#x43D;&#x438;&#x438; &#x43D;&#x430; &#x43A;&#x430;&#x447;&#x435;&#x441;&#x442;&#x432;&#x43E; &#x440;&#x430;&#x441;&#x442;&#x435;&#x43D;&#x438;&#x438;</subfield>
  </datafield>
  <datafield tag="942" ind1=" " ind2=" ">
    <subfield code="c">BK</subfield>
  </datafield>
  <datafield tag="999" ind1=" " ind2=" ">
    <subfield code="c">45507</subfield>
    <subfield code="d">45507</subfield>
  </datafield>
  <datafield tag="952" ind1=" " ind2=" ">
    <subfield code="0">0</subfield>
    <subfield code="1">0</subfield>
    <subfield code="4">0</subfield>
    <subfield code="7">0</subfield>
    <subfield code="9">59533</subfield>
    <subfield code="d">2018-12-17</subfield>
    <subfield code="p">20476</subfield>
    <subfield code="r">2018-12-17</subfield>
    <subfield code="w">2018-12-17</subfield>
    <subfield code="y">BK</subfield>
  </datafield>
</record>
